000 00297nam a2200121Ia 4500
005 20251222154313.0
008 251222s9999||||xx |||||||||||||| ||spa||
020 _a978-9972-38-622-0
082 _a868.65/G23/2009
100 _a"GarcĂ­a Lorca, Federico"
245 0 _aBodas de sangre
942 _cLIB
999 _c33484
_d33484